000
00304nam a22001337a 4500
008
170822b xxu||||| |||| 00| 0 eng d
020
_a
9780130625601
041
_a
eng
080
_a
51
100
_a
38
101
_a
mat
245
_a
PRENTICE HALL MATHEMATICS GROMETRY
_c
BASS.L.E
942
_2
udc
_c
BK
999
_c
24533
_d
24533